000
00233nam a22000857a 4500
008
160705b xxu||||| |||| 00| 0 eng d
100
_9
2157
_a
Thairani, K
245
_a
The Wise and the Wily
260
_a
New Delhi
_b
National Book Trust
_c
1982
999
_c
1849
_d
1849